000 004930000a22001930004500
001 001850
003 MACL
005 20151025111007.0
008 151025b xxu||||| |||| 00| 0 eng d
040 _aMACL
_cMACL
041 _aEnglish
082 _a934/REN
100 _aLouis, Renou
_916571
245 _aThe Civilization in Ancient India
_cRenou Louis
260 _aNew Delhi
_c1997
_bMunshiram manoharlal Publishers,
350 _a300
650 _aHistory
_916572
942 _k934
_cBK
_2ddc
999 _c13766
_d13766